<?xml version="1.0" encoding="UTF-8"?>
<collection xmlns="http://www.loc.gov/MARC21/slim">
  <record>
    <leader>00000nam  2200000   4500</leader>
    <controlfield tag="001">INLIS000000000006588</controlfield>
    <controlfield tag="005">20230619020945</controlfield>
    <datafield tag="035" ind1="#" ind2="#">
      <subfield code="a">0010-0622000449</subfield>
    </datafield>
    <controlfield tag="001">INLIS000000000006588</controlfield>
    <controlfield tag="005">20220622082533</controlfield>
    <datafield tag="035" ind1="#" ind2="#">
      <subfield code="a">0010-0622000449</subfield>
    </datafield>
    <datafield tag="035" ind1="#" ind2="#">
      <subfield code="a">0010-0622000449</subfield>
    </datafield>
    <datafield tag="245" ind1="1" ind2="#">
      <subfield code="a">Niponica :</subfield>
      <subfield code="b">Discovering Japan (Special Future: Blending Technology with Tradition: Amazing Paper in Japan)</subfield>
    </datafield>
    <datafield tag="100" ind1=" " ind2="#">
      <subfield code="a">Niponica</subfield>
    </datafield>
    <datafield tag="250" ind1="#" ind2="#">
      <subfield code="a">No. 18 March 18, 2016</subfield>
    </datafield>
    <datafield tag="300" ind1="#" ind2="#">
      <subfield code="a">27 halaman :</subfield>
      <subfield code="b">Gambar ;</subfield>
      <subfield code="c">21x29.5 cm</subfield>
    </datafield>
    <datafield tag="856" ind1="#" ind2="#">
      <subfield code="a">OPAC (Rak Majalah Niponica)</subfield>
    </datafield>
    <datafield tag="260" ind1="#" ind2="#">
      <subfield code="a">Japan :</subfield>
      <subfield code="b">Ministry of Foreign Affairs of Japan,</subfield>
      <subfield code="c">2016</subfield>
    </datafield>
    <datafield tag="082" ind1="#" ind2="#">
      <subfield code="a">050.11</subfield>
    </datafield>
    <datafield tag="084" ind1="#" ind2="#">
      <subfield code="a">050.11 NIP a</subfield>
    </datafield>
    <datafield tag="650" ind1="#" ind2="4">
      <subfield code="a">Niponica 2017</subfield>
    </datafield>
    <datafield tag="650" ind1="#" ind2="4">
      <subfield code="a">Majalah 2017</subfield>
    </datafield>
    <datafield tag="500" ind1="#" ind2="#">
      <subfield code="a">Contents:&#13;
Blending Technology with Tradition: Amazing Paper in Japan; Paper in Japanese Culture Washi: Tradition and Evolution; Yes, You Can Wear Paper; High-Tech Paper: Bringing Convenience to People's Lives; Paper Traditions Live On in New Ways; Column: Innovation from Origami; Tasty JapanL Time to Eat! The Kami-nabe Pot; Strolling Japan Mino; Souvenirs of Japan Chochin</subfield>
    </datafield>
    <datafield tag="505" ind1="#" ind2="#">
      <subfield code="a">Contents:&#13;
Blending Technology with Tradition: Amazing Paper in Japan; Paper in Japanese Culture Washi: Tradition and Evolution; Yes, You Can Wear Paper; High-Tech Paper: Bringing Convenience to People's Lives; Paper Traditions Live On in New Ways; Column: Innovation from Origami; Tasty JapanL Time to Eat! The Kami-nabe Pot; Strolling Japan Mino; Souvenirs of Japan Chochin</subfield>
    </datafield>
    <controlfield tag="008">230619################|##########|#|##</controlfield>
    <datafield tag="990" ind1="#" ind2="#">
      <subfield code="a">10/MJ-17</subfield>
    </datafield>
  </record>
</collection>
